000
00260nam a2200097Ia 4500
001
1212711
005
20250827024459.0
008
250824s9999 xx 000 0 und d
245
0
_a
KİRALIK KONAK
_c
YAKUP KADRİ KARAOSMANOĞLU
260
_b
İLETİŞİM YAYINLARI
999
_c
1212711
_d
1212711